000 00927nas a2200277 4500
001 BR2018002568
003 BR-BrBNA
005 20231205131505.0
007 ta
008 230509b bl.|||p| |||| 00| 00por d
040 _aBR-BrBNA
_bpor
_cBiblioteca Nacional de Agricultura
041 _a(En)
072 _aH01
100 1 _aMassola, M.P.
100 1 _aHoltz, V.
100 1 _aMartins, M.P. de O.
100 1 _aUmbelino, A. da S.
100 1 _aReis, E.F. dos
245 1 _aSpray volume distribution pattern and droplet size spectrum from ceramic nozzles
650 _aPULVERIZAÇÃO
650 _aDEFESA VEGETAL
773 0 _tRevista Brasileira de Engenharia Agrícola e Ambiental (Brazil)
_xISSN 1807-1929
_g(Nov 2018), v. 22(11) p. 804-809
_wBR2018002568
856 4 0 _uhttp://www.scielo.br/pdf/rbeaa/v22n11/1415-4366-rbeaa-22-11-0804.pdf
909 _a202311
_bLúcia
_c55
_dLúcia Elande
942 _2AGRIS
_n0
_cANA
999 _c255101
_d255101